| 000 | 00747nam a2200241 i 4500 | ||
|---|---|---|---|
| 001 | 000011762 | ||
| 005 | 20260205101807.0 | ||
| 008 | 790424s1979 txua b 001 0 eng | ||
| 010 | _a78070014 | ||
| 020 | _a0256022089 | ||
| 040 |
_aDO-SdBNP _cDLC _dDLC |
||
| 082 |
_a332.024 _bU36m |
||
| 100 | 1 |
_aUlbrich, Holley H. _927819 |
|
| 245 | 1 | 0 |
_aManaging personal finance / _cHolley H. Ulbrich, T. Bruce Yandle, Jr. |
| 260 |
_aDallas : _bBusiness Publications, _c1979. |
||
| 300 |
_axiv, 407 p. : _bill. ; _c28 cm. |
||
| 504 | _aIncludes bibliographies and index. | ||
| 650 | 4 |
_aHacienda privada _927820 |
|
| 650 | 0 |
_aNegocios _927821 |
|
| 700 | 1 |
_aYandle, Bruce, _ejoint author. _927822 |
|
| 910 | _aCatalogación por copia / LC | ||
| 049 | _aBNGR | ||
| 999 |
_c11436 _d11436 |
||